000 01060cam a2200325 4500
001 ABS64945
008 011211n2001 000 0 eng u
035 _a(Sirsi) u115945
100 _aOsbourne, J
245 _aLeaders of the pack
260 _c2001
490 _aBuilding
_v266(8210) 16 November 2001, 40-50(11)
520 _aAnnual league table of the top 200 consultants ranked by the number of UK chartered staff. Also lists the top 100 architects, 100 engineers, 100 surveyors, 100 quantity surveyors, and 100 building surveyors. Includes consultant's websites.
590 _aABS
650 _aLEAGUE TABLES
650 _aPERFORMANCE
650 _aRANKINGS
650 _aARCHITECTS
650 _aSURVEYORS
650 _aBUILDING SURVEYORS
650 _aQUANTITY SURVEYORS
650 _aENGINEERS
650 _aCONSULTANTS
650 _aABOUT RICS-RICS MEMBERS
650 _aFACILITIES MANAGEMENT
_96240
650 _aMANAGEMENT-BUSINESS MANAGEMENT
690 _aPROFESSIONAL PRACTICE
700 _aHewes, M
942 _n0
999 _c69071
_d69071